A Price above rubies [

General viewing for all ages (U)

Bibliographic Details
Main Author: Yakin, Boaz
Format: Book
Published: s.l : Pandora , 19-
Subjects:

MARC

LEADER 00000cam a2200000 7i4500
001 0000073473
005 20080904.0
090 0 0 |a F   |b PRI 
100 1 |a Yakin, Boaz 
245 1 2 |a A Price above rubies [  |h video compact disc]   |c Boaz Yakin 
260 |a s.l :   |b Pandora ,   |c 19- 
300 |a 2 Video compact disc (98 minutes) :   |b col 
500 |a Library has 2 copies 
520 0 |a General viewing for all ages (U) 
650 0 0 |a Movies, English 
999 |a AV 06141   |b VIDEO COMPACT DISC   |c FICTION   |e PERPUSTAKAAN KOMUNITI PETALING JAYA 
999 |a AV 06142   |b VIDEO COMPACT DISC   |c FICTION   |e PERPUSTAKAAN KOMUNITI PETALING JAYA